Statistics for Landmarks by Letter A - Picture Quiz

Click here to take the quiz!

General Stats

  • This quiz has been taken 91 times
  • The average score is 7 of 15

Answer Stats

Answer % Correct
Acropolis
89%
Alcatraz
87%
Angkor Wat
75%
Arc de Triomphe
73%
Angel Falls
68%
Alamo
55%
Atomium
45%
Aral Sea
41%
Alhambra
40%
{Aswan} High Dam
37%
Abu Simbel
29%
Ararat
19%
Avignon Bridge
15%
Altamira
12%
{Adam's} Bridge
8%

Score Distribution

Percentile by Number Answered

Percent of People with Each Score

Your Score History

You have not taken this quiz